|
|
|
|
| LEADER |
00000nab#a22000007a#4500 |
| 001 |
arbauad020393 |
| 003 |
AR-BaUAD |
| 005 |
20250711111759.0 |
| 008 |
960717|||||||||###||||||b###|0###a|spa|| |
| 040 |
|
|
|a AR-BaUAD
|c AR-BaUAD
|b spa
|
| 245 |
1 |
0 |
|a El Dublín de James Joyce
|
| 300 |
0 |
|
|b fot., plantas
|
| 653 |
|
|
|a PREMIO FAD
|
| 653 |
|
|
|a FREIXES, DANIEL
|
| 653 |
|
|
|a INSUA, JUAN
|
| 653 |
|
|
|a ANGLI, PEP
|
| 653 |
|
|
|a JOYCE, JAMES
|
| 653 |
|
|
|a EXPOSICIONES
|
| 653 |
|
|
|a DISEÑO DE INTERIORES
|
| 653 |
|
|
|a ESCENOGRAFIA
|
| 653 |
|
|
|a DUBLIN
|
| 653 |
|
|
|a BARCELONA
|
| 653 |
|
|
|a ESPAÑA
|
| 773 |
0 |
|
|t ON DISEÑO
|g no. 173 [1996], p. 172-177
|
| 942 |
|
|
|c ARTI
|
| 952 |
|
|
|0 0
|1 0
|4 0
|7 0
|9 65312
|a AR-BAuAD
|b AR-BAuAD
|d 2025-07-11
|l 0
|p AAQA020393
|r 2025-07-11 11:17:59
|w 2025-07-11
|y ARTI
|
| 990 |
|
|
|a AQ199
|b TD
|
| 998 |
|
|
|a AAQ
|b BIBUN76
|
| 999 |
|
|
|c 44985
|d 44985
|